[Vlastnícka správa spoločnosti]
Recenzia na monografiu, ktorá sa systematicky a komplexne zaoberá otázkami vlastníckej správy spoločnosti. Z tohto pohľadu má vysoko aktuálny charakter, a to hlavne pre krajiny strednej a východnej Európy vrátane Slovenskej republiky, ktoré transformovali svoje predchádzajúce centrálne plánované eko...
Gespeichert in:
| 1. Verfasser: | |
|---|---|
| Format: | Buchkapitel |
| Sprache: | Slowakisch |
| Schlagworte: | |
| Tags: |
Keine Tags, Fügen Sie das erste Tag hinzu!
|
MARC
| LEADER | 00000naa a2200000 4500 | ||
|---|---|---|---|
| 001 | 0178387 | ||
| 005 | 20240502073031.7 | ||
| 041 | 0 | |a slo | |
| 044 | |a SK | ||
| 245 | 1 | 0 | |a [Vlastnícka správa spoločnosti] |c Božena Chovancová |
| 520 | |a Recenzia na monografiu, ktorá sa systematicky a komplexne zaoberá otázkami vlastníckej správy spoločnosti. Z tohto pohľadu má vysoko aktuálny charakter, a to hlavne pre krajiny strednej a východnej Európy vrátane Slovenskej republiky, ktoré transformovali svoje predchádzajúce centrálne plánované ekonomiky na trhové ekonomiky s rôznou rýchlosťou a rôznymi cestami. | ||
| 610 | 2 | 0 | |a recenzie |
| 610 | 2 | 0 | |a správa podniku |
| 610 | 2 | 0 | |a správa spoločnosti |
| 610 | 2 | 0 | |a vzťahy vlastnícke |
| 610 | 2 | 0 | |a riadenie podnikové |
| 100 | 1 | |a Chovancová, Božena | |